000 00430nam a2200157Ia 4500
008 230917s9999||||xx |||||||||||||| ||und||
020 _cRS12
040 _e166424
_aMAIN
041 _aEnglish
082 _a891.433721 CS455S
100 _aचोपङा, सुदर्शन
245 0 _aसन्नाटा
260 _aदिल्ली
_bपराग प्रकाशन
_c1977
300 _a160 p.
942 _cHN
999 _c158160
_d158160